Statistics for Countries Closest to Cameroon (with a map)

Click here to take the quiz!

General Stats

  • This quiz has been taken 1,420 times
  • The average score is 17 of 20

Answers on the Map

Answers color-coded by a green-red scale on the quiz's map according to % correct below.
 

Answer Stats

country% Correct
Niger
97%
Nigeria
96%
Chad
95%
Dem Rep Congo
95%
Congo
93%
Central African
Republic
91%
Gabon
89%
Benin
88%
Togo
88%
Equatorial Guinea
87%
Ghana
85%
Sudan
81%
South Sudan
78%
Angola
76%
Burkina Faso
75%
Côte d'Ivoire
74%
Mali
74%
São Tomé
and Príncipe
73%
Libya
64%
Algeria
63%

Score Distribution

Percentile by Number Answered

Percent of People with Each Score

Your Score History

You have not taken this quiz